English 8 básico: guía didáctica para el profesor

Gorde:
Xehetasun bibliografikoak
Egile nagusia: Montes Molina, Carmen Cecilia (autora)
Formatua: Liburua
Hizkuntza:ingelesa
Argitaratua: Santiago Santillana del Pacífico 2006
Edizioa:1a. ed
Gaiak:
Etiketak: Etiketa erantsi
Etiketarik gabe, Izan zaitez lehena erregistro honi etiketa jartzen!

MARC

LEADER 00000nam a2200000 a 4500
001 UCK9659
003 CL-VaPUC
008 060519e20060000CL |||||||||||||||||eng|d
020 |a 9561511215 
082 0 4 |a 372.6521  |b MON  |2 21 
100 |a Montes Molina, Carmen Cecilia  |e autora  |9 611963 
245 1 0 |a English 8 básico: guía didáctica para el profesor 
250 |a 1a. ed 
300 |a 96 p 
942 |c BK 
945 |d 20060519 00:00:00  |a cmena 
260 |a Santiago  |b Santillana del Pacífico  |c 2006 
500 |a Incluye cassette 
500 |a Complementario con Texto para el estudiante 
650 0 |a Enseñanza del inglés  |9 367340 
650 0 |a Lengua inglesa  |9 318842 
650 0 |a Educación básica   |9 224933 
650 0 |a Libros de texto  |9 270019 
583 |a last modification  |c 20060519 00:00:00  |k Rodrigo Vera 
999 |c 316739  |d 316737 
952 |0 0  |1 0  |4 0  |6 372_652100000000000_MON_2006  |7 0  |8 A  |9 391679  |a BIBEDU  |b BIBEDU  |d 2019-11-22  |i 4234421  |o 372.6521 MON 2006  |p 4234421  |r 2019-11-22  |w 2019-11-22  |y BK  |k LIT 
952 |0 0  |1 0  |4 0  |6 372_652100000000000_MON_2006  |7 0  |8 A  |9 391680  |a BIBEDU  |b BIBEDU  |d 2019-11-22  |i 423443K  |o 372.6521 MON 2006  |p 423443K  |r 2019-11-22  |w 2019-11-22  |y BK  |k LIT 
952 |0 0  |1 0  |4 0  |6 372_652100000000000_MON_2006  |7 0  |8 A  |9 391681  |a BIBEDU  |b BIBEDU  |c BIBEDU_PB  |d 2019-11-22  |i 4254740  |o 372.6521 MON 2006  |p 4254740  |r 2024-01-25  |w 2019-11-22  |y BK  |k LIT 
952 |0 0  |1 0  |4 0  |6 372_652100000000000_MON_2006  |7 0  |8 A  |9 391682  |a BIBEDU  |b BIBEDU  |d 2019-11-22  |i 426732K  |o 372.6521 MON 2006  |p 426732K  |r 2019-11-22  |w 2019-11-22  |y BK  |k LIT 
952 |0 0  |1 0  |4 0  |6 372_652100000000000_MON_2006  |7 0  |8 A  |9 391683  |a BIBEDU  |b BIBEDU  |d 2019-11-22  |i 4267338  |o 372.6521 MON 2006  |p 4267338  |r 2019-11-22  |w 2019-11-22  |y BK  |k LIT